000 00708nam a2200229Ia 4500
005 20260429111856.0
008 260429s9999||||xx |||||||||||||| ||und||
020 _a9781782620624
041 _aEnglish
082 _a620.1
_bSCH
100 _aSchneider, Hans-Jorg
245 0 _aChemoresponsive materials :
_bstimulation by chemical and biological signals /
_cHans-Jorg Schneider
260 _aCambridge :
_bRoyal Society of Chemistry,
_c2016.
300 _axxvi, 529 p.; hb
650 _a Biomaterials
650 _a Chemical signaling
650 _a Materials chemistry
650 _a Smart materials
650 _a Stimuli-responsive polymers
650 _aResponsive materials
942 _cTB
999 _c51231
_d51231